000 00873nam a2200253Ia 4500
003 OSt
005 20220923211658.0
006 a|||||r|||| 00| 0
007 ta
008 220922b |||||||| |||| 00| 0 hin d
024 _a42,593
037 _cTextual
040 _aARTS
_cARTS
_bhin
041 _2hin
_ahin
082 _aO15,2D40,1:g, 152M5
100 _aसक्सेना, मधु
245 0 _aमहाकवि कालिदास और अभिज्ञानशाकुन्तलम्
246 _ahinākavi kālidās aur abhijnyānashākuntalam
260 _aमेरठ
_b मानसी प्रकाशन
_c1985
300 _a124पृ.
_ccm.
650 _aसंस्कृत साहित्य
942 _hO15,2D40,1:g, 152M5
_cTEXL
_2CC
999 _c302517
_d302517